Základy školskej psychológie

Bibliographic Details
Main Author: Hvozdík, Ján, 1918-1997 (Author)
Format: Book
Language:Slovak
PhysicalDescription:354 strán schémy 25 cm
Published: Bratislava Slovenské pedagogické nakladateľstvo 1986
Edition:1. vyd.
Subjects:

MARC

LEADER 00000cam a2200000 a 4500
001 vtls001485291
003 SK-MaSNL
005 20260301074122.0
008 240226s1986 xo l frp 000 0 slo
015 |a SNBA1986 
020 |q (brožované) 
035 |a SNK000440584 
035 |a urn:nbn:sk:snk-am3j3f5 
035 |a 0D791F71-0F1A-4988-9C5D-947A92E81212 
035 |a urn:nbn:sk:snk-am00gl80 
040 |a SNK  |b slo  |c SNK  |e AACR2 
041 0 |a slo  |b rus  |b eng 
044 |a xo  |c SK 
072 7 |a 37  |x Výchova a vzdelávanie  |2 konspekt 
072 7 |a 37.016  |x Učebné osnovy. Vyučovacie predmety. Učebnice  |2 konspekt 
080 |a 37.015.3  |2 1997 
080 |a 37.013.77  |2 1997 
080 |a (075.8)  |2 1997 
080 |a 37.013.77  |2 2011 
080 |a 37.015.3  |2 2011 
080 |a (075.8)  |2 2011 
100 1 |a Hvozdík, Ján,  |d 1918-1997  |4 aut  |9 108478 
245 1 0 |a Základy školskej psychológie  |c Ján Hvozdík 
250 |a 1. vyd. 
260 |a Bratislava  |b Slovenské pedagogické nakladateľstvo  |c 1986 
300 |a 354 strán  |b schémy  |c 25 cm 
504 |a Text slovensky, resumé rusky a anglicky 
650 0 7 |a školská psychológia  |2 SNKPH  |9 67168 
650 0 7 |a pedagogická psychológia  |2 SNKPH  |9 58135 
655 7 |a učebnice vysokých škôl  |2 SNKPH  |9 70191 
954 |a odborná, vedecká literatúra pôvodná (slovenská)  |2 lita 
958 |a TL 
958 |a OND 
958 |a UV 
999 |c 646271  |d 648201 
952 |t P60, <03>, [BOOK], {603}, -K-  |a SNK  |b SNK  |y PREZ  |7 0  |p 17A0449957  |o snkSC 118017  |i snkD 1417/2004  |8 1  |0 0  |1 0  |4 0  |d 2004-11-10  |f 1  |l 0  |r 2025-10-07 00:00:00  |w 2026-02-23 
952 |t P60, <04>, [BOOK], {604}  |a SNK  |b SNK  |y VYP  |7 0  |p 17A0449956  |o snkSC 118017 D1  |i snkD 1418/2004  |0 0  |1 0  |4 0  |d 2004-11-10  |l 0  |r 2005-01-02 00:00:00  |w 2026-02-23